Statistics for People with O Initials

Click here to take the quiz!

General Stats

  • This quiz has been taken 679 times
  • The average score is 7 of 21

Answer Stats

CluePerson% Correct
OOlead singer of Black Sabbath, reality starOzzy Osbourne
89%
ONGrease's Sandy, "Physical"Olivia Newton-John
82%
OSNFL Legend, infamous criminal/murder suspectO.J. Simpson
76%
OHComedy partner of Stan LaurelOliver Hardy
75%
OBLord of the Rings, Pirates of the CaribbeanOrlando Bloom
69%
ORThe King of Soul, The Dock of the BayOtis Redding
61%
OCGrandaughter of silent film star, Game of ThronesOona Chaplin
60%
OWThe Picture of Dorian GrayOscar Wilde
55%
OPKnown as "Blade Runner", recently charged with murderOscar Pistorius
36%
OQSecret identity of The Green ArrowOliver Queen
17%
ODWon Oscar for MoonstruckOlympia Dukakis
15%
OVFamed Minister President to the Kingdom of PrussiaOtto von Bismarck
14%
OGFormer manager of Chicago White Sox and Miami MarlinsOzzie Guillen
13%
OKQuantum of Solace, Oblivion, Seven Psychpaths, supermodelOlga Kurylenko
10%
OJMADtv comedian, 7UP spokesmanOrlando Jones
9%
OMNerd sex symbol from G4's Attack of the Show!Olivia Munn
8%
OACloverfield, used to go by married name YustmanOddette Annable
4%
OLFamous pianist from An American in ParisOscar Levant
4%
OFFormer Governor of Minnesota, U.S. Secretary of AgricultureOliver Freeman
3%
OTCo-starred in Juno as LeahOlivia Thirlby
3%
OEHost of NPR's Ask Me AnotherOphira Eisenberg
2%

Score Distribution

Percentile by Number Answered

Percent of People with Each Score

Your Score History

You have not taken this quiz